000
00336 a2200145 4500
001
149025
040
_c
Escola São Tomás de Aquino
100
_a
SÃO MARCOS, Thiago
240
1
0
_a
Dalila e Chinxilin
_l
por
245
1
0
_a
Dalila e Chinxilin
362
0
_a
1994
440
1
_a
Paulinas
697
_a
*LITERATURA INFANTIL
942
_c
BK
999
_c
149025
_d
149025